000 00991cam a2200301 i 4500
001 13961668
003 EG-ScBUE
005 20240924110105.0
008 050511t2007 nyua f b 001 0 eng d
020 _a9780387252964 (alk. paper)
040 _aNLM
_beng
_erda
_cNLM
_dUKM
_dBAKER
_dTJC
_dYDXCP
_dOHX
_dMOU
_dBTCTA
_dLVB
_dDLC
_dEG-ScBUE
082 0 4 _a502.82
_222
_bSCI
245 0 0 _aScience of microscopy /
_cedited by Peter W. Hawkes, John C. H. Spence.
264 1 _aNew York :
_bSpringer,
_c[2007]
264 4 _cc2007
300 _a2 volumes :
_billustrations ;
_c26 cm
336 _2rdacontent
_atext
_btxt
337 _aunmediated
_2rdamedia
_bn
338 _avolume
_bnc
_2rdacarrier
504 _aIncludes bibliographical references and index.
505 0 _aVolume 1 -- Volume 2.
650 7 _aMicroscopy
_2BUEsh
_97470
653 _bENGGEN
_cMay2015
655 _vReading book
700 1 _aHawkes, P. W.,
_eeditor.
700 1 _aSpence, John C. H.,
_eeditor.
_93518
942 _2ddc
_cBB
999 _c21704
_d21676